Nazwiska pomorskie równe nazwom miejscowym Pomorza Zachodniego (Szczecińskiego)

Titel: Nazwiska pomorskie równe nazwom miejscowym Pomorza Zachodniego (Szczecińskiego)
Verfasser:
In: Nazwy własne na pograniczach kulturowych, (2000), Seite 29-37
alle Artikel anzeigen
Veröffentlicht: 2000
Format: Aufsatz
Sprache: Polnisch
Kein Bild verfügbar
X
alg: 39378503
001A    $01999:12-11-16 
001B    $01999:28-05-21 $t19:19:49.000 
001D    $01999:12-11-16 
001U    $0utf8 
001X    $00 
002@    $0Aox 
003@    $0393785033 
007A    $0393785033 $aHEB 
007T    $0Herdk22980 
010@    $apol 
011@    $a2000 
021A    $aNazwiska pomorskie równe nazwom miejscowym Pomorza Zachodniego (Szczecińskiego) 
027A    $aZu pommerschen Familiennamen, die Ortsnamen Pommerns ähneln 
028A    $712871252X $8Breza, Edward$Z1932-2017 [Tp1] $9118736183 
031A    $h29-37 $j2000 
039B    $aIn $8--Aay--. Nazwy własne na pograniczach kulturowych. - Białystok : Uniw. w Białymstoku, Inst. Filologii Wschodnioslowianskie, 2000. - 302 S.. - Kt.. - ISBN 83-88463-08-x $x200000000000000971 $9113201818 
045F    $a417.70943816 $eDDC23BSB 
045F/01 $a417.7 
045F/03 $g43816 
046C    $aZu pommerschen Familiennamen, die Ortsnamen Pommerns ähneln $bÜbers. des Hauptsacht. 

lok: 39378503 78

exp: 39378503 78 1 #EPN
201B/01 $018-11-16 $t09:45:51.000 
201U/01 $0utf8 
203@/01 $0789895528 
208@/01 $a12-11-16 $be 
209A/01 $a/ $f000 $x00 
220C/01 $aTitelaufnehmer: pbb 
220C/01 $aHerkunft: IH PAN/PBB Kraków 
244Z/01 $2Trx $#Pomeranija $#Pommern $#Pomoransko $#Pomořansko $#Hinterpommern;Vorpommern;Mittelpommern $#Pomorze Środkowe;Pomorze Przednie $#Pomořansko;Západní Pomořany; Pomořany $8--Trx--Pomorze Zachodnie $x01 $9391303775 
244Z/01 $aGeschichte 1000-2000 $x02 
244Z/01 $2Trx $#nimeteadus asukohad $#onomastika vietovardžiai $#onomatology places $#névtan helységek $#onomastyka, miejscowości $#onomastika miesta $#onomastika místa $#Toponomie $#toponomastyka $#toponomastika $8--Trx--Namenkunde$gOrte $x03 $9391383450 
244Z/01 $2Trx $8--Trx--Einzelbeiträge $x04 $9391384570 
245Z/01 $a11.07 $x01 
247C/01 $82080>Marburg/Lahn, Herder-Institut, Forschungsbibliothek, Bibliographieportal $9336309341
LEADER 00000caa a22000002c 4500
001 393785033
003 DE-603
005 20210528191949.0
007 tu
008 161112s2000 xx |||| | u00||u|pol c
035 |a (DE-599)HEB393785033 
040 |a DE-603  |b ger  |c DE-603  |d DE-603 
041 |a pol 
082 0 4 |8 1\u  |a 417.70943816  |q DE-101  |2 23/BSB 
085 |8 1\u  |b 417.7 
085 |8 1\u  |z 2  |s 43816 
100 1 |a Breza, Edward  |d 1932-2017  |0 (DE-603)118736183  |0 (DE-588)12871252X  |2 gnd 
245 0 0 |a Nazwiska pomorskie równe nazwom miejscowym Pomorza Zachodniego (Szczecińskiego) 
246 1 |i Übers. des Hauptsacht.  |a Zu pommerschen Familiennamen, die Ortsnamen Pommerns ähneln 
246 1 3 |a Zu pommerschen Familiennamen, die Ortsnamen Pommerns ähneln 
264 0 |c 2000 
773 0 8 |i In  |t Nazwy własne na pograniczach kulturowych  |d Białystok : Uniw. w Białymstoku, Inst. Filologii Wschodnioslowianskie, 2000  |h 302 S., Kt.  |z 838846308x  |g (2000), Seite 29-37  |w (DE-603)113201818 
924 0 |9 2080  |a (DE-603)789895528  |b DE-2080  |c HES  |d d  |g /